Bilecik Bilecik Bilecik Bilecik Bilecik

Balkanlardan Uluğ Türkistan'a Türk halk inançları II/ (Record no. 24170)

MARC details
000 -BAŞLIK
Sabit Uzunluktaki Kontrol Alanı 01266nam a22003137a 4500
001 - KONTROL NUMARASI
Control Dosyası 0024217
003 - KONTROL NUMARASI KİMLİĞİ
Kontrol Alanı KOHA_MİRAKIL
005 - EN SON İŞLEM TARİHİ ve ZAMANI
Kontrol Alanı 20260207002434.0
007 - FİZİKSEL TANIM SABİT ALAN - GENEL BİLGİ
Sabit uzunluklu kontrol alanı ta
008 - SABİT UZUNLUKTAKİ VERİ ÖGELERİ - GENEL BİLGİ
Sabit Alan 101112b2005 tu |||gr||||#||||0|tur |
020 ## - ISBN - ULUSLARARASI STANDART KİTAP NUMARASI
Isbn 9756360275
Kullanılabilirlik koşulları 25
040 ## - KATALOGLAMA KAYNAĞI
Özgün Kataloglama Kurumu TR-BiSEU
Kataloglama Dili tur
Çeviri Kurumu TR-BiSEU
Açıklama Kuralları rda
041 0# - DİL KODU
Metin ya da ses kaydının dil kodu tur
044 ## - YAYINLAYAN/ÜRETEN KURULUŞUN ÜLKE KODU
ISO country code tu
050 ## - SINIFLAMA ve YER NUMARASI
Sınıflama Numarası GR268.T86
Yer Numarası K35 2005
100 1# - KİŞİ ADI
Yazar Adı (Kişi adı) Kalafat, Yaşar.
245 1# - ESER ADI BİLDİRİMİ
Başlık Balkanlardan Uluğ Türkistan'a Türk halk inançları II/
Sorumluluk Bildirimi Yaşar Kalafat ; Yaşar Kalafat.
264 #1 - ÜRERİM, YAYIN, DAĞITIM ve TELİF BİLDİRİMİ
Yayın yeri Ankara :
Yayınlayan Babil Yayıncılık
Yayın tarihi 2005
300 ## - FİZİKSEL TANIMLAMA
Sayfa, Cilt vb. 365 sayfa: resimli; 21 cm.
336 ## - İÇERİK TÜRÜ
Content type term metin
Content type code txt
Source rdacontent
337 ## - MEDYA TÜRÜ
Media type term aracısız
Media type code n
Source rdamedia
338 ## - TAŞIYICI TÜRÜ
Carrier type term cilt
Carrier type code nc
Source rdacarrier
500 ## - GENEL NOT
Genel Not Kaynakça ve dizin var.
500 ## - GENEL NOT
Genel Not c.1 Hazara, Karakalpak, Karapapağ, Dağıstan, Nogay, Kabartay, Karaçay, Karay, Ahıska, Bulgar, Gagauz, Başkurt, Çuvaş,Altay, Kazak, Tatar Türkleri.
500 ## - GENEL NOT
Genel Not c.2 Kaşkayiler,Terekeler, Elsevenler, Karakoyunlular, Kiresunlular, Avşarlar, İsmaili, Hazarlar, Kengerliler, Caferiler, Karamanlılar, Nigariler, Ayrımlilar, Kekailer, Şebekler, Mavıllar, Sarulular.
650 #0 - KONU BAŞLIĞI EK GİRİŞ - KONU TERİMİ
Konusal terim veya coğrafi ad Turkic peoples--Folklore.
9 (RLIN) 14207
650 #0 - KONU BAŞLIĞI EK GİRİŞ - KONU TERİMİ
Konusal terim veya coğrafi ad Türk halkları--Folklor.
9 (RLIN) 20848
942 ## - EK GİRİŞ ÖGELERİ (KOHA)
Source of classification or shelving scheme Library of Congress Classification
Koha item type Book
Holdings
Materyal Türü Kalıcı Konum Mevcut Konum Raf Yeri Sınıflandırma Kaynağı Edinim Bilgisi Ana Konular Alt Konular Yer Numarası Cilt Bilgisi Demirbaş Numarası Fatura Tarihi Maliyet, Alış Fiyatı Maliyet, Yenileme Fiyatı Geri Çekilme Durumu Kayıp Durumu Hasarlı Durumu Kredi için değil Kayıt Tarih Toplam Ödünçverme Son Görülme Tarihi Son Kontrol Tarihi
Book Prof. Dr. Azmi Özcan Kütüphanesi Prof. Dr. Azmi Özcan Kütüphanesi Uluğbey Salonu Library of Congress Classification Satın COĞRAFYA, ANTROPOLOJİ, REKREASYON Folklor GR268.T86 K35 2005 c.2 0024217 15/12/2010 27.00 27.00         12/11/2010 3 05/12/2024 05/12/2024